| 000 | 01342nam a2200397 i 4500 | ||
|---|---|---|---|
| 001 | 47007 | ||
| 003 | KOSZ 005 | ||
| 005 | 20230209102011.0 | ||
| 008 | 071103s1970 pl a f 000 0 pol | ||
| 015 | _aPB 1971/606 | ||
| 040 |
_aWA N _cWA N _dKOSZ 005/RW _dKOSZ 005/HR |
||
| 046 | _k1970 | ||
| 080 | _a628.1/.3 | ||
| 245 | 0 | 0 |
_aWodociągi i kanalizacja / _c[red. nauk. Mariusz Chudzicki]. |
| 260 |
_aWarszawa : _b"Arkady", _c1970. |
||
| 300 |
_a243, [1] strony : _bilustracje ; _c24 cm. |
||
| 336 |
_aTekst _btxt _2rdacontent |
||
| 337 |
_aBez urządzenia pośredniczącego _bn _2rdamedia |
||
| 338 |
_aWolumin _bnc _2rdacarrier |
||
| 380 | _aKsiążki. | ||
| 388 | _a1901-2000 | ||
| 388 | _a1945-1989 | ||
| 490 | 1 |
_aNowa Technika w Inżynierii Sanitarnej ; _v1. |
|
| 504 | _aBibliografia przy pracach. | ||
| 658 | _aInżynieria i technika | ||
| 650 | 4 | _aOczyszczalnia ścieków | |
| 650 | 4 | _aUzdatnianie wody | |
| 650 | 4 | _aŚcieki | |
| 650 | 4 | _aOczyszczanie ścieków | |
| 650 | 4 | _aOsad czynny | |
| 710 | 2 |
_aWydawnictwo "Arkady". _4pbl. |
|
| 700 | 1 |
_aChudzicki, Mariusz _eRedakcja |
|
| 830 | 0 |
_aNowa Technika w Inżynierii Sanitarnej ; _v1. |
|
| 856 |
_uhttp://koha.tu.koszalin.pl/cgi-bin/koha/opac-detail.pl?biblionumber=47007 _yKatalog online BPK |
||
| 942 |
_2UKD _cKS |
||
| 999 |
_c47007 _d47007 |
||